00762nam a2200193 a 450000100100000000500170001000800410002702000150006804000250008308200150010810000300012324500510015326000620020430000210026650000680028750000180035595201780037399900170055100004222520201002040021.0131120s1991 xxu 001 0 spa d a0395430860 aDO-SdBNPbspacBNPHU axxxxbxxxx1 aTurner, Stansfield96924610aTerrorism and democracy. /cStansfield Turner. aBoston, Estados Unidos :bHoughton Miflin Company,c1991. a274 p. ;c23 cm. aPerteneció a la biblioteca personal de Germán Emilio Ornes. aIncluye notas 001050718MOaPDbPDcCTd2013-11-20iLF1l0oxxxx xxxxp42225-10r2020-06-25w2020-06-25y1zPerteneció a la biblioteca personal de Germán Emilio Ornes.ZNo se presta c41714d41714